000 00505nam a22001577a 4500
999 _c60546
_d60546
005 20230817124049.0
008 230817s1984 gw ||||| |||| 00| 0 ger d
041 _ager
080 _a7 K-70
100 _aKolník, T.
_919687
245 _aRímske a Germánske umenie na Slovensku /
_cT.Kolník.
264 _c1984.
300 _a315 p. :
_bill. ;
_c35 cm.
653 _aრომაული და გერმანული ხელოვნება სლოვაკეთში
942 _2udc
_cBK